Helena - Tout a changé (Rien n'a changé) [paroles] - Statistiques

Statistiques générales
  • Ce quiz a été pris 97 fois
  • Le résultat moyen est 71 sur 118
Statistiques - réponses
Réponse % Correct
rien
98%
a
96%
à
96%
changé
94%
la
94%
tout
94%
je
91%
me
91%
tu
91%
même
89%
suis
89%
toujours
89%
fille
87%
que
87%
c’est
85%
connais
85%
n’a
83%
si
83%
de
81%
ça
77%
pas
77%
rire
77%
un
77%
comme
74%
mon
74%
on
74%
j’ai
72%
le
72%
m’a
72%
reconnu
72%
moi
70%
ou
70%
sans
70%
bien
66%
des
66%
être
66%
les
66%
paillette
66%
pour
66%
quand
66%
te
66%
ton
64%
appris
62%
elle
62%
est
62%
honnête
62%
j’suis
62%
se
62%
triste
62%
veux
62%
artifice
60%
au
60%
avec
60%
cette
60%
faite
60%
qu’on
60%
une
60%
viens
60%
étoile
57%
faire
57%
t’es
57%
dis-moi
55%
enfin
55%
livre
55%
ouvert
55%
qu’t’as
55%
café
53%
manière
53%
mec
53%
nuit
53%
petite
53%
sont
53%
bas
51%
comètes
51%
d’égo
51%
étoiles
51%
grande
51%
j’éclate
51%
l’actrice
51%
peu
51%
d’en
49%
dire
49%
j’sais
49%
parfois
49%
retenir
49%
salle
49%
tous
49%
allumer
47%
car
47%
numéro
47%
premier
47%
trouves
47%
fard
45%
ira
45%
m’parleras
45%
pris
45%
savoir
45%
train
45%
voulais
45%
bizarre
43%
nous
43%
t’arrives
43%
arrivera
40%
devines
40%
j’veux
40%
l’histoire
40%
nos
40%
plus
40%
détails
38%
pourras
38%
revoir
38%
soirées
38%
appelle-moi
36%
n’veux
36%
s’racontera
36%
enfoui
32%
séparent
32%
vies
32%
Aucun quiz correspondant
Distribution des résultats
% des personnes avec chaque résultat
Percentile par nombre de réponses
Votre historique - résultats
Vous n’avez pas pris ce quiz